Quizzes
Events
Quiz Creation
Community
Videos
Private Events
Remove Ads
Sign In
Join for FREE
Feedback
Dark Mode
Quiz Categories
Sports
Geography
Music
Movies
Television
Just For Fun
Miscellaneous
History
Literature
Language
Science
Gaming
Entertainment
Religion
Holiday
For Kids
Quiz Lab
Recent
Popular Today
Quiz Kudos Today
Editor Picks
Curator Picks
Quizzes by...
Day
Popularity
Type
Ratings
Length
Year
Community
Subscriptions
Recent Discussions
Orange Saloon
Badges
Playlists
Quests
Create
Leaderboards
Showdown
Live 5
Trivia Bingo
Activity
Puzzle Library
Sporcle Events
Private Events
Virtual Trivia
Globe League
Become a Host
Pub Owners
SporcleCon
Opinionation
Our Games
Videos
Blog
Mobile Apps
Partnerships
Remove Ads and Go Orange
Feedback
Language
Vocabulary
Begins and Ends
Definition
Spanish
French
German
Italian
Chinese
Latin
Translation
Japanese
Language
Vocabulary
Begins and Ends
Definition
Spanish
French
German
Italian
Chinese
Latin
Translation
Japanese
Random Quiz
Search Sporcle
×
Quiz Lab
Quiz Lab
Language
German
Type in answers that appear in a list
Type in answers that appear in a list
Classic
Best Score? Go Orange.
161 Irregular German Verbs (Präteritum) Stats
Can you name the Unregelmaßige Verben im Präteritum (161)?
By
jshepherd415
16m
161 Questions
138 Plays
138 Plays
138 Plays
Comments
Comments
Give Quiz Kudos
Give Quiz Kudos
-
- Ratings
hide this ad
More Info
Forced Order
Answers have to be entered in order
Answers have to be entered in order
Random Order
Randomize order of answers
Randomize order of answers
Replay
Link that replays current quiz
Next Quiz
Link to next quiz in quiz playlist
You Got
0%
They Got
Avg Score
41%
Avg Friend Score
Upgrade to see
Score Distribution
Jump to the score distribution portion of the page
Score
0/161
Timer
16:00
0
Plays Today
English
German
% Correct
read
las
72.5%
ate (for a human)
aß
71.7%
saw
sah
69.6%
gave
gab
68.8%
went
ging
68.8%
had
hatte
68.1%
was
war
68.1%
spoke
sprach
68.1%
slept
schlief
67.4%
stood
stand
67.4%
found
fand
66.7%
came
kam
66.7%
swam
schwamm
66.7%
sat
saß
66.7%
died
starb
66.7%
thought
dachte
65.9%
won
gewann
65.9%
wrote
schrieb
65.9%
began
begann
65.2%
remained, stayed
blieb
64.5%
sang
sang
64.5%
sank
sank
64.5%
drunk (for humans)
trank
64.5%
helped
half + Dativ
63.8%
forgot
vergaß
63.8%
traveled, drove
fuhr
62.3%
jumped
sprang
62.3%
did
tat
62.3%
grew
wuchs
62.3%
ate (for an animal), devoured
fraß
61.6%
taken
nahm
61.6%
washed
wusch
61.6%
fallen
fiel
60.9%
knew, acquainted with
kannte
60.9%
cut
schnitt
60.9%
carried, wore
trug
60.9%
ran
rannte
60.1%
screamed, shouted
schrie
60.1%
lost
verlor
60.1%
brought
brachte
59.4%
hung
hing
59.4%
ran, walked (figuratively)
lief
59.4%
became
wurde
58.7%
knew (a fact)
wusste
58.7%
sounded
klang
57.2%
lied (opposite of truth)
log
57.2%
stole
stahl
57.2%
shut
schloss
56.5%
shot
schoss
55.8%
thrown
warf
55.8%
offered
bot
54.3%
bit
biss
53.6%
flown
flog
52.9%
held, stopped
hielt
52.2%
English
German
% Correct
froze
fror
51.4%
let, left
ließ
51.4%
rode (an animal)
ritt
51.4%
stank
stank
51.4%
was called
hieß
50.7%
named, called
nannte
50.7%
happened
geschah
50%
met, hit (a target)
traf
50%
was situated, lay
lag
49.3%
sent
sandte
48.6%
enjoyed
genoss
47.8%
struck, hit, beaten
schlug
47.8%
advised, taken a guess
riet
47.1%
recommended
empfahl
46.4%
weighed
wog
46.4%
suffered
litt
44.9%
lent
lieh
44.9%
smelled
roch
44.9%
disappear
verschwand
44.9%
forced
zwang
44.2%
bound, tied
band
43.5%
succeeded
gelang + Dativ
43.5%
dug
grub
42.8%
lifted
hob
42.8%
loaded
lud
42.8%
caught
fing
41.3%
gave birth
gebar
41.3%
measure
maß
41.3%
was silent
schwieg
41.3%
whistled
pfiff
40.6%
swore, vowed
schwur, schwor
40.6%
was valid
galt
39.9%
called, shouted
rief
39.9%
pulled, drawn, tugged
zog
39.9%
climbed, rose
stieg
39.1%
proved
bewies
38.4%
bent
bog
38.4%
flowed
floss
38.4%
poured
goss
38.4%
fleed
floh
37.7%
wrang
wrang
37.7%
tore
riss
37%
swollen
schwoll
37%
stepped, treaded, kicked
trat
37%
swung
schwang
36.2%
quarreled
stritt
36.2%
drove (cattle), pursued (an activity)
trieb
36.2%
blown
blies
35.5%
milked
molk
32.6%
grabbed, seized, gripped
griff
32.6%
sucked (vacuum)
sog
31.9%
shoved, pushed
schob
31.9%
melted, smelted
schmolz
31.9%
fried, roasted
briet
31.2%
English
German
% Correct
forgave, pardoned
verzieh
31.2%
recruited, solicited, advertised
warb
31.2%
glided, slid
glitt
30.4%
avoided
mied
30.4%
spun, was crazy
spann
30.4%
resembled, equaled
glich + Dativ
29%
flowed, trickled, ran
rann
28.3%
baked
buk
27.5%
create
schuf
27.5%
stroke, painted
strich
26.8%
pointed
wies
26.1%
spoiled
verdarb
24.6%
burst
barst
24.6%
pricked, stung
stach
23.9%
wove
wob
23.9%
commanded
befahl + Dativ
23.2%
deceived, cheated
betrog
23.2%
gone out, was extinguished
erlosch
23.2%
rubbed
rieb
23.2%
separated
schied
22.5%
winded, twisted
wand
21.7%
bleached, whiten
blich
21.7%
shorn, clipped
schor
21.7%
received
empfing
21%
hid, concealed
verbarg
20.3%
turned
wandte
20.3%
pinched
kniff
19.6%
crawled
kroch
19.6%
shined, seemed
shien
19.6%
pushed
stieß
19.6%
failed, was unsuccessful
mißlang + Dativ
18.8%
bribed, corrupted
bestach
18.1%
was startled
erschrak
18.1%
drank (for an animal)
soff
18.1%
hewn, cut, spanked
hieb, haute
17.4%
strode
schritt
17.4%
spewed, spat
spie
17.4%
felt, sensed
empfand
16.7%
flung, hurled
schmiss
16.7%
penetrated, surged into
drang
15.2%
convalecsed, recovered
genas
13%
broke
brannte
12.3%
scolded
schalt
11.6%
crept, snuck
schlich
11.6%
contested, challenged
bestritt
10.9%
fell into, got into
geriet
10.9%
glowed, smoldered
glomm
10.9%
gobbled up, devoured
verschlang
9.4%
boiled, seethed
sott
9.4%
reflected, plotted, thought
sann
8%
sprouted
sproß
6.5%
braided, wove
flocht
3.6%
determined
bedang
1.4%
Quiz Playlist
Details
Report
Send in Message
Add To Playlist
More Info:
Umlauts can be written as is or with "ae", "oe" or "ue". ß can be written as is, or as "ss". This is for the er/sie/es forms.
Classic:
Type in answers that appear in a list
Forced Order:
Answers have to be entered in order
Random Order:
Randomize order of answers
Last Updated: Feb 16, 2017
Quiz Scoreboard
CHALLENGE
Sign Up to Join the Scoreboard
Show All
Scores
Hide
Comments
May contain spoilers
Recently Published
Movies - When Are They Set?
by FPL_Elf
Movies
5m
Popular People in 1961
by mucciniale
History
6m
1-10 Letter E Words III
by El_Dandy
Language
2m
More to Explore
Quiz From the Vault
Featured Blog Post
Where Did the Easter Bunny Come From?
hide this ad
You Might Also Like...
Tags
German Quiz
Austria
Germanic Languages
Germany
Language Basics
Switzerland
Today's Top Quizzes in Language
Browse Language
hide this ad
Today's Top Quizzes in German
Browse German
Top Contributed Quizzes in Language
1
Order Up: Top 10 Most Native Spoken Languages
2
1-10 Letter F Words III
3
1-10 Letter G Words III
4
1-10 Letter H Words III
5
One Thing in Common: Italy
6
1-10 Letter I Words III
7
Begins and Ends With AN
8
Weisst du, aus welchen Sprachen diese Wörter stammen?
9
Hiragana Speed Reading
10
1-10 Letter J Words III
Explore More
Trending Topics
Kpop
Anime
Crossword
NBA
Harry Potter
Disney
Marvel
Soccer
Song
The Office
NFL
WWE
Pokémon
Country
Puzzle
hide this ad
More By:
jshepherd415
Quiz
Plays
Rating
Category
Featured
Created
German Adverbs and Adjectives
191
5.00
Language
Apr 30, 2013
163 Irregular German Verbs (Perfekt)
151
3.50
Language
Apr 30, 2013
161 Irregular German Verbs (Präteritum)
138
5.00
Language
Apr 30, 2013
Famous German Speakers
105
4.50
History
Apr 30, 2013
German Grab Bag 2 (Negations & Time Expressions)
47
5.00
Language
Apr 30, 2013
Go to Creator's Profile
Score Distribution
Quiz Creator Spotlight
jshepherd415
Follow
Send a Message
Quizzes Created
-
Created Quiz Play Count
-
More By This Creator
Popular Quizzes Today
1
Find the US States - No Outlines Minefield
2
Find the Countries of Europe - No Outlines Minefield
3
The Countries of the World
4
Popular People in 1961
5
1-10 Letter E Words III
6
US States
7
Find the US States
8
One Thing in Common: World Cities II
More Language Quizzes
10 Words, 20 Definitions X
Published
Trending Quizzes
Risky Map Clicking: Least Populous States A-Z
1-10 Letter F Words
1-10 Letter G Words
One Thing in Common: United Kingdom
Risky Map Clicking: Next State Alphabetically
Recently Updated
Leaping Animals
pecheneg
Reality TV Shows (A-Z)
bhenderson79
Rickey Henderson's Hall of Fame Teammates
pecheneg
Champions League XIs: Arsenal
pecheneg
Quick Pick: Celebrities in WWE's Hall of Fame
aduchscher
A-Z Keypad Blitz II
pecheneg
Multiple Oscar Actors
pecheneg
Mystery Phrase Blitz: Oscar 'Best Actors'
pecheneg
F. Scott Fitzgerald Novels
LTH
Pick 3 Villains
ddd62291
Trending Topics
Marvel
Harry Potter
Crossword
Kpop
NBA
Disney
Anime
Puzzle
WWE
Song
Soccer
NFL
Pokémon
The Office
Country
Your Account Isn't Verified!
In order to create a playlist on Sporcle, you need to verify the email address you used during registration. Go to your
Sporcle Settings
to finish the process.
Report this User
Report this user for behavior that violates our
Community Guidelines
.
Details:
Send Report
Go to the Sporcle.com Mobile Site →
Comments